Laboratory manual in biochemistry (Record no. 2178)
[ view plain ]
| 000 -LEADER | |
|---|---|
| fixed length control field | 00751nam a22002297a 4500 |
| 005 - DATE AND TIME OF LATEST TRANSACTION | |
| control field | 20230512221549.0 |
| 008 - FIXED-LENGTH DATA ELEMENTS--GENERAL INFORMATION | |
| fixed length control field | 180228t xxu||||| |||| 00| 0 eng d |
| 020 ## - INTERNATIONAL STANDARD BOOK NUMBER | |
| International Standard Book Number | 9789715848848 |
| 040 ## - CATALOGING SOURCE | |
| Transcribing agency | CSPC |
| 082 0# - DEWEY DECIMAL CLASSIFICATION NUMBER | |
| Classification number | 572.3078 |
| Item number | Su14l |
| 100 ## - MAIN ENTRY--PERSONAL NAME | |
| Personal name | Suba-Chua, Sally M., |
| Relator term | author |
| 245 00 - TITLE STATEMENT | |
| Title | Laboratory manual in biochemistry |
| Statement of responsibility, etc. | Sally M. Chua-Suba |
| 260 ## - PUBLICATION, DISTRIBUTION, ETC. | |
| Place of publication, distribution, etc. | Quezon City : |
| Name of publisher, distributor, etc. | C & E Publishing, |
| Date of publication, distribution, etc. | 2009. |
| 300 ## - PHYSICAL DESCRIPTION | |
| Extent | 156 pages : |
| Other physical details | tables ; |
| Dimensions | 26 cm. |
| 504 ## - BIBLIOGRAPHY, ETC. NOTE | |
| Bibliography, etc. note | Includes Bibliography pages (155-156). |
| 650 10 - SUBJECT ADDED ENTRY--TOPICAL TERM | |
| Topical term or geographic name entry element | Biochemistry |
| General subdivision | Handbooks, manuals, etc. |
| 650 10 - SUBJECT ADDED ENTRY--TOPICAL TERM | |
| Topical term or geographic name entry element | Biochemistry |
| General subdivision | Laboratory manuals. |
| 940 ## - EQUIVALENCE OR CROSS-REFERENCE--UNIFORM TITLE [OBSOLETE] [CAN/MARC only] | |
| Uniform title | <a href="Lenie">Lenie</a> |
| 942 ## - ADDED ENTRY ELEMENTS (KOHA) | |
| Koha item type | |
| -- | FIL 572.3078 Su14l 2009 |
| Withdrawn status | Lost status | Damaged status | Not for loan | Home library | Current library | Shelving location | Date acquired | Total Checkouts | Full call number | Barcode | Date last seen | Copy number | Price effective from | Koha item type |
|---|---|---|---|---|---|---|---|---|---|---|---|---|---|---|
| Main Library | Main Library | Filipiniana Section | 05/12/2023 | FIL 572.3078 Su14l 2009 | 010541 | 05/12/2023 | 1 | 05/12/2023 | Books |